LEADER 01423nam 2200349 n 450 001 996395823903316 005 20221108103420.0 035 $a(CKB)4330000000321136 035 $a(EEBO)2248512811 035 $a(UnM)99845119 035 $a(EXLCZ)994330000000321136 100 $a19910919d1640 uy | 101 0 $aeng 135 $aurbn||||a|bb| 200 02$aA briefe and summarie discourse upon that lamentable and dreadfull disaster at Dunglasse. Anno 1640. the penult of August$b[electronic resource] $eCollected from the soundest and best instructions, that time and place could certainly affoord, the serious enquirie of the painfull and industrious author. By William Lithgovv 210 $aEdinburgh $cPrinted by Robert Bryson$d[1640] 215 $a[24] p 300 $aIn verse. 300 $aSignatures: A-C?. 300 $aRunning title reads: Times sorrowfull disaster at Dunglasse. 300 $aReproduction of the original in the British Library. 330 $aeebo-0018 607 $aScotland$xHistory$yCharles I, 1625-1649$vPoetry 700 $aLithgow$b William$f1582-1645?$01001006 801 0$bCu-RivES 801 1$bCu-RivES 801 2$bCStRLIN 801 2$bWaOLN 906 $aBOOK 912 $a996395823903316 996 $aA briefe and summarie discourse upon that lamentable and dreadfull disaster at Dunglasse. Anno 1640. the penult of August$92407142 997 $aUNISA